000 00384nam a2200133Ia 4500
008 151001s9999||||xx |||||||||||||| ||und||
100 _aवा शि आपटे
245 _aसाप बंगल्यातील साहस
250 _a2
260 _bश्रीराम प्रकाशन पुणे
260 _c1983
300 _a64
365 _b17
999 _c971713
_d971710